000 01054nam a2200265 a 4500
001 000024342
005 20200930022928.0
008 110126s1976 mx r 001 0 spa d
020 _a9682997763
040 _aDO-SdBNP
_bspa
_cBNPHU
082 _axxxx
_bP962
240 0 0 _aZagadnienia ekonomii polytycznej socjalizmu.
_lEspañol
245 0 0 _aProblemas de economía política del socialismo /
_cCzeslaw Bobrowski... [et al] ; edición Oscar Lange ; traducción de FLorentino M. Torner, Ludwik Margules y Alaide Foppa.
260 _aMéxico, D. F. :
_bFondo de Cultura Económoca,
_c1976.
300 _a347 p. ;
_c21 cm.
490 1 _aObras de Economía
534 _aTítulo original :
_tZagadnienia ekonomii polytycznej socjalizmu
700 1 _aBobrowski, Czeslaw.
_949921
700 1 _aLange, Oscar,
_eed.
_949922
700 1 _aTorner, Florentino M.,
_etr.
_945232
700 1 _aMargules, Ludwik,
_etr.
_949923
700 1 _aFoppa, Alaide,
_etr.
_949924
830 0 _aObras de Economía.
_pEconomía política del socialismo
_949925
049 _aBNGR
999 _c23835
_d23835